000 00673nam a2200205Ia 4500
001 16589
003 GE_BSU
008 181216s||||||||xx |||||||||||||| ||und||
040 _cGE_BSU
080 _a821.353.1-32
100 _aგარიყული, მარიამ
245 _aმოთხრობები.
245 _cრედ.ც.ჩხეიძე. მხ. გ.გულისაშვილი.ვ.ტოროტაძე
260 _aთბილისი
260 _bსახელგამი
260 _c1957
300 _a256გვ. : ილ., 1ფ. პორტრ. ; 20სმ
653 _aმოთხრობები.
942 _cBK
999 _c49657
_d49657